Diario de Eugenio Perdomo / (Record no. 17278)
[ view plain ]
| 000 -CABECERA | |
|---|---|
| campo de control de longitud fija | 00516nam a2200169 a 4500 |
| 001 - NÚMERO DE CONTROL | |
| campo de control | 000017753 |
| 005 - FECHA Y HORA DE LA ÚLTIMA TRANSACCIÓN | |
| campo de control | 20250129073605.0 |
| 008 - DATOS DE LONGITUD FIJA--INFORMACIÓN GENERAL | |
| campo de control de longitud fija | 100331s1977 dr 000 0 spa d |
| 040 ## - FUENTE DE LA CATALOGACIÓN | |
| Centro catalogador/agencia de origen | DO-SdBNP |
| Lengua de catalogación | spa |
| Centro/agencia transcriptor | BNPHU |
| 082 ## - NÚMERO DE LA CLASIFICACIÓN DECIMAL DEWEY | |
| Número de clasificación | xxx |
| Número de documento/Ítem | P433d |
| 049 ## - FONDOS LOCALES (OCLC) | |
| Fondos de biblioteca | BNPD |
| 100 1# - ENTRADA PRINCIPAL--NOMBRE DE PERSONA | |
| Nombre de persona | Perdomo, Eugenio |
| 9 (RLIN) | 38616 |
| 245 10 - MENCIÓN DE TÍTULO | |
| Título | Diario de Eugenio Perdomo / |
| Mención de responsabilidad, etc. | Eugenio Perdomo ; edición Juan Daniel Balcacer. |
| 260 ## - PUBLICACIÓN, DISTRIBUCIÓN, ETC. | |
| Lugar de publicación, distribución, etc. | Santo Domingo : |
| Nombre del editor, distribuidor, etc. | Cosmos, |
| Fecha de publicación, distribución, etc. | 1977. |
| 300 ## - DESCRIPCIÓN FÍSICA | |
| Extensión | 36 p. ; |
| Dimensiones | 21 cm. |
| 700 1# - PUNTO DE ACCESO ADICIONAL--NOMBRE DE PERSONA | |
| Nombre de persona | Balcácer, Juan Daniel, |
| Fechas asociadas al nombre | 1949- |
| Término indicativo de función/relación | ed. |
| 9 (RLIN) | 6566 |
| Estado de retiro | Estado de pérdida | No para préstamo | Código de colección | Localización permanente | Ubicación/localización actual | Ubicación en estantería | Fecha de adquisición | Número de inventario | Total de préstamos | Signatura topográfica completa | Código de barras | Fecha visto por última vez | Precio válido a partir de | Tipo de ítem Koha | Nota pública |
|---|---|---|---|---|---|---|---|---|---|---|---|---|---|---|---|
| Excluido de préstamo | Patrimonio Dominicano | Patrimonio Dominicano | Patrimonio Dominicano | Depósito | 31.03.2010 | LF1 | xxx P433d | 17753-10 | 25.06.2020 | 25.06.2020 | Libro y Folleto Colección Patrimonio Dominicano | Perteneció a la biblioteca personal de Juan Isidro Jimenes Grullón. |
